| 000 | 02119nam2a2200301 4500 | ||
|---|---|---|---|
| 001 | RU\NLR\PER_A\002533303_000710 | ||
| 005 | 20250624032714.0 | ||
| 010 |
_a978-5-94595-105-1 _9300 |
||
| 035 | _a(NLR Aleph) 012429239 | ||
| 090 |
_a11866417 _c11866417 |
||
| 100 | _a20201209d2020 |||y0rusy50 ca | ||
| 101 | 0 | _arus | |
| 102 | _aRU | ||
| 200 | 1 |
_aНевидимый камертон _eматериалы Февральских музейных чтений памяти С.С. Гейченко (2019-2020) |
|
| 210 |
_d2020 _aБ. м. |
||
| 215 |
_a255 с. _cил., портр. _d20 |
||
| 320 | _aБиблиогр. в конце ст. | ||
| 461 | 0 |
_1001RU\NLR\INFOCOMM33\1000079839 _12001#$aМихайловская пушкиниана$eСб. науч. сотр. Музея-заповедника А.С. Пушкина "Михайловское"$fГос. мемор. ист.-лит. и природ.-ландшафт. музей-заповедник А.С. Пушкина "Михайловское"$vВып. 78 _92868725 _cМ. _d1996 - _fГос. мемор. ист.-лит. и природ.-ландшафт. музей-заповедник А.С. Пушкина "Михайловское" _oСб. науч. сотр. Музея-заповедника А.С. Пушкина "Михайловское" _tМихайловская пушкиниана _vВып. 78 |
|
| 600 | 1 |
_aГейченко _bС.С. _f1903 - 1993 _gСемен Степанович _jСъезды, совещания и т.п _91378566 _3RU\NLR\AUTH\66264624 |
|
| 686 | 2 | _aШ5(2=Р)51-4Пушкин.л6 | |
| 711 | 1 | 2 |
_aФевральские музейные чтения памяти С. С. Гейченко _d22 _eс. Михайловское, Псковская обл. _f2019 _9729828 _3RU\NLR\AUTH\880533628 |
| 711 | 1 | 2 |
_aФевральские музейные чтения памяти С. С. Гейченко _d23 _eс. Михайловское, Псковская обл. _f2020 _9729832 _3RU\NLR\AUTH\880533630 |
| 852 |
_aNLR _jП34/1237 |
||
| 942 | _cISSUE | ||
| 980 | _aNB | ||
| 980 | _aRUSPER | ||